Normal view
MARC view
- الديكور الداخلي
Entry Topical Term
001 - CONTROL NUMBER
- control field: 9071
003 - CONTROL NUMBER IDENTIFIER
- control field: JO-AjAnu
005 - DATE AND TIME OF LATEST TRANSACTION
- control field: 20230606071748.0
008 - FIXED-LENGTH DATA ELEMENTS
- fixed length control field: 230606|| aca||aabn | a|a d
040 ## - CATALOGING SOURCE
- Original cataloging agency: JO-AjAnu
- Transcribing agency: JO-AjAnu
150 ## - HEADING--TOPICAL TERM
- Topical term or geographic name entry element: الديكور الداخلي
670 ## - SOURCE DATA FOUND
- Source citation: Work cat.: (JO-AjAnu)4679: تاليف النجار، لطيف حاجي حسن/م مشارك سمير فؤاد على توفيق, author 9070, الديكور وفنونه الخشب واستعمالاته